WWE champions - Statistics

General Stats
  • This quiz has been taken 26 times
  • The average score is 120 of 150
Answer Stats
Reign # Champion % Correct
1 | 2 | 3 | +4 others Brock Lesnar
95%
1 | 2 Cody Rhodes
95%
1 | 2 | 3 | +11 others John Cena
95%
1 | 2 | 3 | 4 Roman Reigns
95%
1 Big E
90%
1 Kane
90%
1 | 2 | 3 | +7 others Randy Orton
90%
1 Rey Mysterio
90%
1 | 2 Seth Rollins
90%
1 | 2 | 3 Shawn Michaels
90%
1 | 2 | 3 | +3 others "Stone Cold" Steve Austin
90%
1 | 2 AJ Styles
85%
1 | 2 CM Punk
85%
1 | 2 | 3 Drew Mcintyre
85%
1 | 2 | 3 | +3 others Hulk Hogan
85%
1 Kofi Kingston
85%
1 | 2 Ric Flair
85%
1 | 2 The Miz
85%
1 | 2 | 3 | +5 others The Rock
85%
1 | 2 | 3 | +6 others Triple H
85%
1 | 2 | 3 | 4 Undertaker
85%
1 | 2 | 3 | +2 others Bret Hart
80%
1 Dean Ambrose
80%
1 | 2 | 3 | 4 Edge
80%
1 | 2 | 3 | 4 Kurt Angle
80%
1 | 2 Batista
75%
1 | 2 | 3 Mankind
75%
1 | 2 | 3 Sheamus
75%
1 Vince Mcmahon
75%
1 Andre the Giant
70%
1 Chris Jericho
70%
1 | 2 | 3 | 4 Daniel Bryan
70%
1 Jinder Mahal
70%
1 | 2 Randy Savage
70%
1 | 2 Yokozuna
70%
1 | 2 Alberto Del Rio
65%
1 | 2 Big Show
65%
1 | 2 Bobby Lashley
65%
1 Bray Wyatt
65%
1 Eddie Guerrero
65%
1 Jeff Hardy
65%
1 The Iron Sheik
65%
1 Ultimate Warrior
65%
1 | 2 Bruno Sammartino
60%
1 Diesel
55%
1 John "Bradshaw" Layfield
55%
1 | 2 Sycho Sid
50%
1 | 2 Bob Backlund
45%
1 Rob Van Dam
45%
1 Billy Graham
40%
1 Buddy Rogers
40%
1 Sgt. Slaughter
40%
1 Stan Stasiak
35%
1 Ivan Koloff
30%
1 Pedro Morales
30%
No matching quizzes found
Score Distribution
Percent of People with Each Score
Percentile by Number Answered
Your Score History
You have not taken this quiz